01673nam a2200361 a 4500001001000000003000900010005001700019007001000036008003100046020001800077040002200095082003000117100005300147245016600200260005500366300002500421490004800446500007000494504006200564590002600626650002200652650002300674651004600697651003300743700003200776710004400808910003900852942001200891952012700903952013201030952013201162999001701294000007137DO-SdBNP20240312114851.0000007137090717s2017 mx 001 0 spa d z9786071653901 aBPMSUbspacBPMSU 4a320.97291bR696d 20172221 aRodríguez Arechavaleta, Carlos Manuel,d1968- 10aLa democracia republicana en Cuba 1940-1952 :b actores, reglas y estrategias electorales /c Carlos Manuel Rodríguez Arechavaleta ; prólogo Josep M. Colomer aMéxico : bFondo de Cultura Económica, c2017 a388 p. ;c21 cm.b 0 aSección de obras de política y derecho  aIncluye datos biogràficos del autor en la solapa de la cubierta aIncluye referencias bibliográficas (páginas 379-388)  aInventariado, 2024/VM 4aDemocracia zCuba 4aElecciones zCuba. 4aCuba xPolítica y gobierno y1940-1952. 4aCubaxHistoriay1940-1952. 1 aColomer, Josep Mepról. 2 aFondo de Cultura Económica (México) aVMateo V. Control de calidad BPMSU 2ddccBK 00102ddc40708CEaBPMETbBPMETd2024-03-12l0oBPMSU CG 320.97291 R696d 2017pBPMSU24030020r2024-03-12w2024-03-12yBK 00102ddc40708CEaBPMETbBPMETd2024-03-12l0oBPMSU CG 320.97291 R696d 2017pBPMSU24030021r2024-03-12te.2w2024-03-12yBK 00102ddc40708CEaBPMETbBPMETd2024-03-12l0oBPMSU CG 320.97291 R696d 2017pBPMSU24030022r2024-03-12te.3w2024-03-12yBK c14584d14584